| 000 | 00849nam a22002537a 4500 | ||
|---|---|---|---|
| 003 | BD-DhJNU | ||
| 005 | 20251009071957.0 | ||
| 008 | 251009b |||||||| |||| 00| 0 eng d | ||
| 020 | _a0471369977 | ||
| 040 |
_aBD-DhJNU _bENG _cBD-DhJNU _dBD-DhJNU |
||
| 082 |
_223 _a610.72 LES |
||
| 100 | _aLee, Elisa T. | ||
| 245 |
_aStatistical methods for survival data analysis / _cElisa T. Lee and John Wenyu Wang |
||
| 250 | _a3rd ed. | ||
| 260 |
_aNew Jersey : _bJohn Wiley & Sons, _c2003. |
||
| 300 |
_axii, 522p. : _bill. ; _c24 cm. |
||
| 490 | _aWiley Series in Probability and Statistics | ||
| 504 | _aIncludes bibliographical references and index | ||
| 650 | _aFailure time data analysis | ||
| 650 |
_aMedicine _vResearch _xStatistical methods |
||
| 650 |
_aPrognosis _vStatistical methods |
||
| 700 | _aWang, John Wenyu | ||
| 942 |
_2ddc _cBK _n0 |
||
| 999 |
_c2225 _d2225 |
||